Derecho Procesal Penal III La Prueba Penal (Registro nro. 5402)
[ vista simple ]
| 000 -CABECERA | |
|---|---|
| Campo de control interno | 00883nam a2200217Ia 4500 |
| 008 - ELEMENTOS DE LONGITUD FIJA - INFORMACION | |
| Elementos de Longitud Fija - Informaci | 141014s9999||||xx |||||||||||||| ||und|| |
| 010 ## - LIBRARY OF CONGRESS CONTROL NUMBER | |
| LC control number | 5252 |
| 020 ## - INTERNATIONAL STANDARD BOOK NUMBER | |
| ISBN | 9978-966-24-2 |
| 040 ## - ORIGEN DE LA CATALOGACION | |
| Origen de la Catalogación | ANE |
| 041 ## - CODIGO DE LENGUAJE | |
| Código de lenguaje del texto | Es |
| 082 ## - NUMERO DE CLASIFICACION DECIMAL DEWEY | |
| 1ra. Clasificación | 345.11 G934 T3 |
| 100 ## - AUTOR PERSONAL | |
| Autor Personal | Guerrero Vivanco,Walter |
| 245 ## - TÍTULO GENERAL | |
| Título | Derecho Procesal Penal III La Prueba Penal |
| Mención del autor | Walter Guerrero Vivanco |
| 250 ## - EDICION | |
| Edición | 3ra Ed |
| 260 ## - EDITORIAL | |
| Ciudad | Quito Ecuador |
| Fecha | 1996 |
| Nombre de la Editorial | Casa de la cultura Ecuatoriana |
| 300 ## - DESCRIPCION | |
| Número de páginas | 455 p |
| Dimensiones | 21 cm |
| 500 ## - NOTA GENERAL | |
| Nota General | Índice |
| 505 ## - NOTA DE CONTENIDO | |
| Nota de contenido formateada | Introducción a la prueba.- Los Indicios y las presunciones.- La prueba material.- El Cuerpo del delito.- La prueba testimonial.- El Testimonio instructivo.- El testimonio indagatorio.- De las citas, los careos y de la identidad del sindicado.- La prueba documental.- El documento como objeto de prueba |
| 650 ## - DESCRIPTORES - TEMAS | |
| Temas - Descriptores | Derecho Procesal Penal |
| 942 ## - ELEMENTOS DE KOHA | |
| Tipo de Documento | Libros |
| Esquema de Clasificaci | |
| Catalogador | Nr. |
| Withdrawn status | Lost status | Fuente de Clasificaci | Damaged status | Not for loan | Ubicaci | Biblioteca | Fecha de Adquisición | Vía de adquisición | Signatura Topogr | Código de barras | Date last seen | Price effective from | Tipo de Item |
|---|---|---|---|---|---|---|---|---|---|---|---|---|---|
| Biblioteca Asamblea Nacional | Biblioteca Asamblea Nacional | 2016-08-26 | Donación | 345.11 G934 T3 | 29972 | 2014-10-14 | 2014-10-14 | Libros |